<?xml version="1.0" encoding="UTF-8"?>
<collection xmlns="http://www.loc.gov/MARC21/slim">
 <record>
  <leader>00604pamaa2200193   4500</leader>
  <controlfield tag="001">0000042803</controlfield>
  <controlfield tag="005">20121212090000.0</controlfield>
  <controlfield tag="008">071022                             eng  </controlfield>
  <datafield tag="020" ind1="0" ind2="0">
   <subfield code="a">1588905527 </subfield>
  </datafield>
  <datafield tag="090" ind1="0" ind2="0">
   <subfield code="a">RC78.7.U4 </subfield>
   <subfield code="b">SCH 2007</subfield>
  </datafield>
  <datafield tag="100" ind1="1" ind2="0">
   <subfield code="a">Schmidt </subfield>
  </datafield>
  <datafield tag="245" ind1="1" ind2="0">
   <subfield code="a">Ultrasound  </subfield>
   <subfield code="c">G. Schmidt; </subfield>
   <subfield code="f">with contributions by B. Beuscher-Willems.</subfield>
  </datafield>
  <datafield tag="260" ind1="0" ind2="0">
   <subfield code="a">Stuttgart ; New York: </subfield>
   <subfield code="b">Thieme, </subfield>
   <subfield code="c">2007.</subfield>
  </datafield>
  <datafield tag="300" ind1=" " ind2=" ">
   <subfield code="a">471 p.: </subfield>
   <subfield code="b">ill.; </subfield>
   <subfield code="c">19 cm..</subfield>
  </datafield>
  <datafield tag="500" ind1="0" ind2="0">
   <subfield code="a">Includes index</subfield>
  </datafield>
  <datafield tag="501" ind1="0" ind2="0">
   <subfield code="a">SAH</subfield>
  </datafield>
  <datafield tag="650" ind1="0" ind2="0">
   <subfield code="a">Diagnosis, Ultrasonic -- </subfield>
   <subfield code="x">Handbooks, manuals, etc. </subfield>
  </datafield>
  <datafield tag="700" ind1="1" ind2="1">
   <subfield code="a">Beuscher-Willems, </subfield>
   <subfield code="h">B. </subfield>
  </datafield>
  <datafield tag="901" ind1=" " ind2=" ">
   <subfield code="u">http://www.thieme.com</subfield>
  </datafield>
 </record>
</collection>
